ARRUPE JESUIT UNIVERSITY

CORONAVIRUS -STOP THE SPREAD - CLEAN,DISINFECT,COVER

Proverbs & Ecclesiastes / (Record no. 123585)

MARC details
000 -LEADER
fixed length control field 01193cam a2200325 a 4500
001 - CONTROL NUMBER
control field 16579392
003 - CONTROL NUMBER IDENTIFIER
control field ARRUPE
005 - DATE AND TIME OF LATEST TRANSACTION
control field 20151021154912.0
008 - FIXED-LENGTH DATA ELEMENTS--GENERAL INFORMATION
fixed length control field 101214s2011 miu b 001 0 eng
010 ## - LIBRARY OF CONGRESS CONTROL NUMBER
LC control number 2010051565
020 ## - INTERNATIONAL STANDARD BOOK NUMBER
International Standard Book Number 9781587431487 (cloth)
020 ## - INTERNATIONAL STANDARD BOOK NUMBER
International Standard Book Number 1587431483 (cloth)
035 ## - SYSTEM CONTROL NUMBER
System control number (OCoLC)ocn662401629
040 ## - CATALOGING SOURCE
Original cataloging agency DLC
Transcribing agency DLC
Modifying agency YDX
-- BTCTA
-- YDXCP
-- DTM
-- BWX
-- DLC
050 00 - LIBRARY OF CONGRESS CALL NUMBER
Classification number BS1465.53
Item number .T75 2011
082 00 - DEWEY DECIMAL CLASSIFICATION NUMBER
Classification number 223/.707
Edition number 22
300 ## - PHYSICAL DESCRIPTION
Dimensions 24 cm.
100 1# - MAIN ENTRY--PERSONAL NAME
Personal name Treier, Daniel J.,
Dates associated with a name 1972-
9 (RLIN) 2554
245 10 - TITLE STATEMENT
Title Proverbs & Ecclesiastes /
Statement of responsibility, etc Daniel J. Treier.
246 3# - VARYING FORM OF TITLE
Title proper/short title Proverbs and Ecclesiastes
260 ## - PUBLICATION, DISTRIBUTION, ETC. (IMPRINT)
Place of publication, distribution, etc Grand Rapids, Mich. :
Name of publisher, distributor, etc Brazos,
Date of publication, distribution, etc c2011.
300 ## - PHYSICAL DESCRIPTION
Extent xxvi, 256 p. ;
490 1# - SERIES STATEMENT
Series statement Brazos theological commentary on the Bible
504 ## - BIBLIOGRAPHY, ETC. NOTE
Bibliography, etc Includes bibliographical references and indexes.
630 00 - SUBJECT ADDED ENTRY--UNIFORM TITLE
Uniform title Bible.
Name of part/section of a work Proverbs
Form subdivision Commentaries.
9 (RLIN) 20452
630 00 - SUBJECT ADDED ENTRY--UNIFORM TITLE
Uniform title Bible.
Name of part/section of a work Ecclesiastes
Form subdivision Commentaries.
9 (RLIN) 15036
830 #0 - SERIES ADDED ENTRY--UNIFORM TITLE
Uniform title Brazos theological commentary on the Bible.
9 (RLIN) 20453
906 ## - LOCAL DATA ELEMENT F, LDF (RLIN)
a 7
b cbc
c orignew
d 1
e ecip
f 20
g y-gencatlg
942 ## - ADDED ENTRY ELEMENTS (KOHA)
Source of classification or shelving scheme Library of Congress Classification
Koha item type Monograph ( Printed materials)
Holdings
Withdrawn status Lost status Source of classification or shelving scheme Damaged status Not for loan Collection code Home library Current library Shelving location Date acquired Total Checkouts Full call number Barcode Date last seen Price effective from Koha item type
    Library of Congress Classification     Main Collection ARRUPE LIBRARY ARRUPE LIBRARY Main Collection 21/10/2015   BS1465.53T75 2011 46500005666 07/12/2016 21/10/2015 Monograph ( Printed materials)

 

Arrupe Library. PO Box MP320 Mt Pleasant, Harare, Zimbabwe
263 242 745411|librarian@aju.ac.zw